Mravčí algorytmus ako nástroj efektívnosti elektromobility
Využívanie nových technológií, ktoré pomáhajú znižovať dopady na životné prostredie. Zvýšenie efektívnosti použitia elektromobilov. Prostriedky matematického programovania, poskytujúce dobré riešenie pri úspore energie, ktoré je s elektromobilitou spojené.
Salvato in:
| Autore principale: | |
|---|---|
| Natura: | Capitolo di libro |
| Lingua: | slovacco |
| Soggetti: | |
| Tags: |
Nessun Tag, puoi essere il primo ad aggiungerne!!
|
MARC
| LEADER | 00000nla a2200000 4500 | ||
|---|---|---|---|
| 001 | 0207208 | ||
| 005 | 20240604103228.7 | ||
| 041 | 0 | |a slo | |
| 044 | |a SK | ||
| 245 | 1 | 0 | |a Mravčí algorytmus ako nástroj efektívnosti elektromobility |c Ivan Brezina ml. |
| 520 | |a Využívanie nových technológií, ktoré pomáhajú znižovať dopady na životné prostredie. Zvýšenie efektívnosti použitia elektromobilov. Prostriedky matematického programovania, poskytujúce dobré riešenie pri úspore energie, ktoré je s elektromobilitou spojené. | ||
| 610 | 2 | 0 | |a doprava |
| 610 | 2 | 0 | |a automobily |
| 610 | 2 | 0 | |a elektronika |
| 610 | 2 | 0 | |a technológie nové |
| 610 | 2 | 0 | |a úspory energie |
| 610 | 2 | 0 | |a prostredie životné |
| 610 | 2 | 0 | |a algoritmy |
| 100 | 1 | |a Brezina, Ivan, ml. | |